Normal view
MARC view
Entry Personal Name
001 - CONTROL NUMBER
- control field: 56999
003 - CONTROL NUMBER IDENTIFIER
- control field: dpl
005 - DATE AND TIME OF LATEST TRANSACTION
- control field: 20230919161514.0
008 - FIXED-LENGTH DATA ELEMENTS
- fixed length control field: 230919|| aca||aabn | a|a d
040 ## - CATALOGING SOURCE
- Original cataloging agency: dpl
- Transcribing agency: dpl
100 ## - HEADING--PERSONAL NAME
- Personal name: Yadav, Y. Chandrasekhar
670 ## - SOURCE DATA FOUND
- Source citation: Work cat.: (dpl)198397: Patra, P. Santosh Kumar 56997, Production Technology /, 2023
